Generalized fractional calculus and applications
Αποθηκεύτηκε σε:
| Κύριος συγγραφέας: | |
|---|---|
| Μορφή: | Βιβλίο |
| Γλώσσα: | English |
| Δημοσίευση: |
Harlow, Essex, England :
Longman Scientific & Technical,
c1994
|
| Σειρά: | Pitman research notes in mathematics series ;
; 301 |
| Θέματα: | |
| Ετικέτες: |
Προσθήκη ετικέτας
Δεν υπάρχουν, Καταχωρήστε ετικέτα πρώτοι!
|
MARC
| LEADER | 00000nam a2200000 i 4500 | ||
|---|---|---|---|
| 001 | 1/16422 | ||
| 008 | 010129s1994 eng d | ||
| 020 | |a 0-582-21977-9 | ||
| 035 | |l 10065767 | ||
| 040 | |a GR-MY-UA |b gre |e aacr | ||
| 041 | 0 | |a eng | |
| 082 | 0 | |a 515 | |
| 100 | 1 | |a Kiryakova, Virginia. | |
| 245 | 1 | 0 | |a Generalized fractional calculus and applications / |c Virginia Kiryakova |
| 260 | |a Harlow, Essex, England : |b Longman Scientific & Technical, |c c1994 | ||
| 300 | |a 388 p.; |b ill.; |c 24 cm. | ||
| 490 | 1 | |a Pitman research notes in mathematics series |v ; 301 | |
| 504 | |a Includes bibliographical references and index | ||
| 650 | 0 | 0 | |a Calculus. |
| 830 | 0 | |a Pitman research notes in mathematics series ; |v ; 301 | |
| 852 | |a INST |b SAMOS |e 20010129 |h 515 KIR |p 005300022111 |q 005300022111 |t BK |y 0 | ||
| 901 | |a BIBL3-2001-1 | ||
| 909 | |a Σ |b 084279 | ||
| 922 | |a 3ΕΛΗ |b 200012 |c ΚΠΣ |d ΜΙΧΑΛΟΠΟΥΛΟΣ | ||
| 950 | |a 116-1999-12-29 | ||
| 970 | |a ΠΟΥΡΝΑΡΑΣ |b ΔΗΜΗΤΡΗΣ |z 2001/02/02 | ||